Le favolette di Wittgenstein /

Saved in:
Bibliografiske detaljer
Hovedforfatter: Manfridi, Giuseppe, (1956- )
Format: Bog
Sprog:italiensk
Udgivet: Roma : Efesto, 2024
Serier:Satyrikà
Tags: Tilføj Tag
Ingen Tags, Vær først til at tagge denne postø!

MARC

LEADER 00000nam a22000007i 4500
001 IT\ICCU\RL1\0116880
003 ItRI
005 20251014181912.0
008 250527s2024 it |||||| ||||| |||||c
020 |a 9788833816265 
040 |b ita  |c Arcigay Viterbo 
041 7 |a ita  |2 ISO-639-2 
100 1 |a Manfridi, Giuseppe,  |d  (1956- )  |0 IT\ICCU\TSAV\429575 
240 1 3 |a Le favolette di Wittgenstein  |9 Manfridi, Giuseppe <1956- > 
245 1 3 |a Le favolette di Wittgenstein /  |c Giuseppe Manfridi. 
260 |a Roma :  |b Efesto,  |c 2024 
300 |a 190 p. ;  |c 21 cm. 
830 0 |a Satyrikà  |0 IT\ICCU\PUG\0001294 
942 |2 ddc  |c BK  |n 0 
952 |0 0  |1 0  |2 ddc  |4 0  |6 821_900000000000000_MAN_FAV  |7 0  |9 9735  |a VT  |b VT  |d 2025-10-14  |e Dono della Biblioteca Consorziale di Viterbo  |i B340  |l 0  |o 821.9 MAN FAV  |p B340  |r 2025-10-14 18:19:44  |w 2025-10-14  |y BK 
981 1 |6 z01  |a i   |b xxxe  
982 1 |6 z01  |a n 
999 |c 8116  |d 8116